<?xml version="1.0" encoding="UTF-8"?>
<marc:record xmlns:marc="http://www.loc.gov/MARC21/slim">
   <marc:leader>00000nam a2200000 a 4500</marc:leader>
   <marc:datafield ind1="1" ind2=" " tag="100">
      <marc:subfield code="a">Reiterer, Joana Adesuwa</marc:subfield>
      <marc:subfield code="4">aut</marc:subfield>
      <marc:subfield code="e">Verfasser/-in</marc:subfield>
   </marc:datafield>
   <marc:datafield ind1=" " ind2=" " tag="653">
      <marc:subfield code="a">Junge Frau</marc:subfield>
   </marc:datafield>
   <marc:datafield ind1=" " ind2=" " tag="653">
      <marc:subfield code="a">Christin</marc:subfield>
   </marc:datafield>
   <marc:datafield ind1=" " ind2=" " tag="653">
      <marc:subfield code="a">Wodu</marc:subfield>
   </marc:datafield>
   <marc:datafield ind1=" " ind2=" " tag="653">
      <marc:subfield code="a">Erlebnisbericht</marc:subfield>
   </marc:datafield>
   <marc:datafield ind1="0" ind2="0" tag="245">
      <marc:subfield code="a">Die Wassergöttin</marc:subfield>
   </marc:datafield>
   <marc:datafield ind1="0" ind2="0" tag="245">
      <marc:subfield code="b">wie ich den Bann des Voodoo brach</marc:subfield>
   </marc:datafield>
   <marc:datafield ind1="0" ind2="0" tag="245">
      <marc:subfield code="c">Joana Adesuwa Reiterer</marc:subfield>
   </marc:datafield>
   <marc:datafield ind1=" " ind2="1" tag="264">
      <marc:subfield code="a">München</marc:subfield>
      <marc:subfield code="b">Knaur</marc:subfield>
   </marc:datafield>
   <marc:datafield ind1="1" ind2=" " tag="490">
      <marc:subfield code="a">Knaur</marc:subfield>
      <marc:subfield code="v">78785</marc:subfield>
   </marc:datafield>
   <marc:datafield ind1=" " ind2=" " tag="250">
      <marc:subfield code="a">Vollständige Taschenbuchneuausgabe</marc:subfield>
   </marc:datafield>
   <marc:datafield ind1="1" ind2=" " tag="520">
      <marc:subfield code="a">Angaben aus der Verlagsmeldung

Die Wassergöttin : Wie ich den Bann des Voodoo brach Die Wassergöttin / von Joana Adesuwa Reiterer

Joana Adesuwa ist noch ein kleines Mädchen, als eine Dorfpriesterin ihr sagt, sie sei eine »Wassergöttin« und werde ihren Mann einmal reich machen. Für Adesuwas Vater ist klar: Seine Tochter ist eine Hexe! Er verstößt Joana, die nun ganz auf sich alleine gestellt ums Überleben kämpft. Eines Tages begegnet sie dem charismatischen Tony, in den sie sich auf Anhieb verliebt. Doch Tony verlangt von ihr ein Zeichen ihrer Liebe: Sie soll an einem geheimnisvollen Voodoo-Ritual teilnehmen, das sie »zur Frau« machen wird. Sieben Tage dauert die magische Zeremonie – Tage zwischen Trance und Besinnung, zwischen Phantasie und Realität. Zutiefst verstört kehrt Adesuwa davon zurück und erkennt, dass es nur einen Weg gibt, sich vom Fluch, der auf ihr lastet, zu befreien: Sie muss die magischen Gesetze des Voodoo brechen …
</marc:subfield>
   </marc:datafield>
   <marc:datafield ind1=" " ind2=" " tag="020">
      <marc:subfield code="a">9783426787854</marc:subfield>
      <marc:subfield code="9">9783426787854</marc:subfield>
   </marc:datafield>
   <marc:datafield ind1=" " ind2=" " tag="020">
      <marc:subfield code="a">3426787857</marc:subfield>
      <marc:subfield code="9">3426787857</marc:subfield>
   </marc:datafield>
   <marc:datafield ind1=" " ind2=" " tag="041">
      <marc:subfield code="a">ger</marc:subfield>
   </marc:datafield>
   <marc:datafield ind1=" " ind2=" " tag="300">
      <marc:subfield code="a">319 Seiten</marc:subfield>
   </marc:datafield>
</marc:record>
